Quizzes
Events
Quiz Creation
Community
Videos
Private Events
Remove Ads
Sign In
Join for FREE
Feedback
Dark Mode
Quiz Categories
Sports
Geography
Music
Movies
Television
Just For Fun
Miscellaneous
History
Literature
Language
Science
Gaming
Entertainment
Religion
Holiday
For Kids
Quiz Lab
Recent
Popular Today
Quiz Kudos Today
Editor Picks
Curator Picks
Quizzes by...
Day
Popularity
Type
Ratings
Length
Year
Community
Subscriptions
Recent Discussions
Orange Saloon
Badges
Playlists
Quests
Create
Leaderboards
Showdown
Live 5
Trivia Bingo
Activity
Puzzle Library
Sporcle Events
Private Events
Virtual Trivia
Globe League
Become a Host
Pub Owners
SporcleCon
Opinionation
Our Games
Videos
Blog
Mobile Apps
Partnerships
Remove Ads and Go Orange
Feedback
Sports
Athletes
MLB
NBA
NHL
NFL
Soccer
Sports Teams
WWE
NCAA
Football
Premier League
Basketball
Baseball
Hockey
Golf
Tennis
Cricket
Rugby
Auto Racing
Olympics
World Cup
Sports
Athletes
MLB
NBA
NHL
NFL
Soccer
Sports Teams
WWE
NCAA
Football
Premier League
Basketball
Baseball
Hockey
Golf
Tennis
Cricket
Rugby
Auto Racing
Olympics
World Cup
Random Quiz
Search Sporcle
×
Quiz Lab
Quiz Lab
Sports
MLB
Type in answers that appear in a list
Type in answers that appear in a list
Classic
Best Score? Go Orange.
MLB second baseman, 2003-present Stats
Can you each MLB team's leader in games played at second base since 2003?
By
KLSnow
10m
30 Questions
744 Plays
744 Plays
744 Plays
Comments
Comments
Give Quiz Kudos
Give Quiz Kudos
-
- Ratings
hide this ad
Replay
Link that replays current quiz
Next Quiz
Link to next quiz in quiz playlist
You Got
0%
They Got
Avg Score
49%
Avg Friend Score
Upgrade to see
Score Distribution
Jump to the score distribution portion of the page
Score
0/30
Timer
10:00
0
Plays Today
Team
Player
% Correct
Yankees
Robinson Cano
96.9%
Phillies
Chase Utley
93.4%
Reds
Brandon Phillips
93%
Brewers
Rickie Weeks
89.5%
Red Sox
Dustin Pedroia
89.4%
Rangers
Ian Kinsler
82.8%
Orioles
Brian Roberts
82.7%
Marlins
Dan Uggla
73.9%
Angels
Howie Kendrick
60.6%
Rays
Ben Zobrist
54.7%
Blue Jays
Aaron Hill
53.1%
Athletics
Mark Ellis
51.5%
Dodgers
Jeff Kent
51.1%
Astros
Craig Biggio
50.8%
Pirates
Neil Walker
44.5%
Team
Player
% Correct
Tigers
Placido Polanco
44.4%
Expos/
Nationals
Jose Vidro
40.2%
White Sox
Gordon Beckham
39.9%
Mets
Luis Castillo
39.7%
Cubs
Darwin Barney
37.4%
Braves
Marcus Giles
34.5%
Giants
Ray Durham
31%
Diamondbacks
Orlando Hudson
24.2%
Mariners
Jose Lopez
23.3%
Cardinals
Skip Schumaker
22%
Rockies
Clint Barmes
20.2%
Padres
Mark Loretta
20%
Royals
Mark Grudzielanek
14.5%
Twins
Alexi Casilla
14.5%
Indians
Ronnie Belliard
13.8%
Quiz Playlist
Details
Report
Send in Message
Add To Playlist
Classic:
Type in answers that appear in a list
Last Updated: Jan 29, 2019
Quiz Scoreboard
CHALLENGE
Sign Up to Join the Scoreboard
Show All
Scores
Hide
Comments
May contain spoilers
Recently Published
College Basketball Coaching Resumes
by pancakes188
Sports
9m
Billboard Blitz: Fleetwood Mac
by CooCooCachoo
Music
15s
Presidents Visiting Landmarks
by Hejman
History
7m
More to Explore
Quiz From the Vault
Featured Blog Post
Where Did the Easter Bunny Come From?
hide this ad
You Might Also Like...
Tags
Baseball Quiz
MLB Quiz
2003
base
Baseman
Leader
Player
second
team
Today's Top Quizzes in Sports
Browse Sports
hide this ad
Today's Top Quizzes in MLB
Browse MLB
Top Contributed Quizzes in Sports
1
2022 World Cup Stars
2
Les meilleurs buteurs des matchs entre le PSG et l’OM
3
FIFA Club World Cup Champions
4
Les entraîneurs de l'OM et du PSG au 21e siècle
5
Criteria MLB: Left Handed Sluggers
6
AFC Teams Reveal (Wrong Answers Minefield)
7
2023 MLB Unique Player Accomplishments
8
Players with Multiple 50 Home Run Seasons
9
5-to-1: FBS Animal Nicknames
10
5-to-1: UK Sports Teams
Explore More
Trending Topics
NBA
Kpop
Harry Potter
Crossword
Disney
Marvel
Anime
NFL
Country
WWE
Song
The Office
Puzzle
Pokémon
Soccer
hide this ad
More By:
KLSnow
Quiz
Plays
Rating
Category
Featured
Created
Pitchers with >$50 million contracts
3,914
4.21
Sports
Jan 30, 2014
Top 50 MLB Free Agent Destinations
2,334
2.54
Sports
Dec 25, 2013
The 350 HR, 1000 R, 1250 RBI, 450 2B Club
1,932
4.42
Sports
Feb 20, 2014
1000 Inning Brewers
1,570
1.50
Sports
Oct 25, 2012
Brewers Seasons With Five 20 HR Players
921
5.00
Sports
Jun 19, 2017
Go to Creator's Profile
Score Distribution
Quiz Creator Spotlight
KLSnow
Follow
Send a Message
Quizzes Created
-
Created Quiz Play Count
-
More By This Creator
Popular Quizzes Today
1
Find the US States - No Outlines Minefield
2
Find the Countries of Europe - No Outlines Minefield
3
The Countries of the World
4
Find the US States
5
Risky Map Clicking: Biggest States A-Z
6
US States
7
Popular People in 1961
8
Movies - When Are They Set?
More Sports Quizzes
2010 World Cup Champions - Spain
Curator's Pick
Trending Quizzes
Risky Map Clicking: Least Populous States A-Z
1-10 Letter G Words
1-10 Letter F Words
Risky Map Clicking: Next State Alphabetically
Risky Map Clicking: Biggest States A-Z
Recently Updated
Leaping Animals
pecheneg
Reality TV Shows (A-Z)
bhenderson79
Rickey Henderson's Hall of Fame Teammates
pecheneg
Champions League XIs: Arsenal
pecheneg
Quick Pick: Celebrities in WWE's Hall of Fame
aduchscher
A-Z Keypad Blitz II
pecheneg
Multiple Oscar Actors
pecheneg
Mystery Phrase Blitz: Oscar 'Best Actors'
pecheneg
F. Scott Fitzgerald Novels
LTH
Pick 3 Villains
ddd62291
Trending Topics
NBA
Kpop
Marvel
Anime
Harry Potter
Disney
Crossword
WWE
The Office
NFL
Pokémon
Song
Puzzle
Soccer
Country
Your Account Isn't Verified!
In order to create a playlist on Sporcle, you need to verify the email address you used during registration. Go to your
Sporcle Settings
to finish the process.
Report this User
Report this user for behavior that violates our
Community Guidelines
.
Details:
Send Report
Go to the Sporcle.com Mobile Site →
Comments